Netradičné múzeá a galérie na Slovensku bakalárska práca

Guardado en:
Detalles Bibliográficos
Autor principal: Kucharík, Juraj
Autor Corporativo: Obchodná fakulta EU. Katedra služieb a cestovného ruchu - zrušené
Otros Autores: Litomerický, Juraj
Formato: Libro
Lenguaje:eslovaco
Publicado: Bratislava 2017
Etiquetas: Agregar Etiqueta
Sin Etiquetas, Sea el primero en etiquetar este registro!

MARC

LEADER 00000nbm a2200000 4500
001 0235492
005 20171019121434.4
041 0 |a slo 
044 |a SK 
245 1 0 |a Netradičné múzeá a galérie na Slovensku  |b bakalárska práca  |c Juraj Kucharík ; školiteľ: Juraj Litomerický 
264 1 |a Bratislava  |c 2017 
300 |a 46 s. 
100 1 |a Kucharík, Juraj 
700 1 |a Litomerický, Juraj 
710 2 |a Obchodná fakulta EU. Katedra služieb a cestovného ruchu - zrušené